000
00275nam a2200121Ia 4500
008
220204s9999 xx 000 0 und d
082
_b
MOR;1
100
_a
MORONEY, M J
245
0
_a
Facts from figures
250
_a
Ed.3
260
_a
Middlesex
_b
Penguin
_c
1956
942
_c
BK
999
_c
19601
_d
19601